Famous Counts Quiz Stats

 Plays Quiz not verified by Sporcle

Challenge
Share
Tweet
Embed
Score 0/8 Timer 03:00
0 Plays Today
Hints Famous Count % Correct
Transylvania; Blood; Breakfast cerealCount Dracula
85.9%
Arithmomania; Numbers; MuppetsCount von Count
51.6%
Jazz; Bennie Moten; One O'Clock JumpCount Basie
39.1%
Sith Lord; Lost Twenty; Droid ArmiesCount Dooku
39.1%
Arsonist; 3 siblings; Many unfortunate eventsCount Olaf
15.6%
Bird; Danger Mouse; Central Television-UKCount Duckula
10.9%
Cylons; John Colicos; Traitor of HumansCount Baltar
10.2%
Avengers; Villian; Maggia MemberCount Nefaria
5.5%

You're not logged in!

Compare scores with friends on all Sporcle quizzes.
Join for Free
OR
Log In

You Might Also Like...

Show Comments

Extras

Top Quizzes Today


Score Distribution

Your Account Isn't Verified!

In order to create a playlist on Sporcle, you need to verify the email address you used during registration. Go to your Sporcle Settings to finish the process.

Report this User

Report this user for behavior that violates our Community Guidelines.

Details: